Globaphobia confronting fears about open trade

Saved in:
Bibliographic Details
Main Author: Burtless, Gary
Format: Book
Language:English
Published: Washington The Brookings Institution 1998
Subjects:
Tags: Add Tag
No Tags, Be the first to tag this record!

MARC

LEADER 00000nam a2200000 4500
001 c101124
005 20221221082515.7
020 |a 0-8157-1189-1 
041 0 |a eng 
044 |a US 
245 1 0 |a Globaphobia  |b confronting fears about open trade  |c Gary Burtless ... [et al.] 
264 1 |a Washington  |b The Brookings Institution  |c 1998 
300 |a 162 s. 
610 2 0 |a globalizácia 
610 2 0 |a globalizácia hospodárstva 
610 2 0 |a politika hospodárska 
610 2 0 |a miesta pracovné 
610 2 0 |a mzdy 
610 2 0 |a obchod 
610 2 0 |a spotreba 
610 2 0 |a výroba 
610 2 0 |a nafta 
610 2 0 |a údaje štatistické 
610 2 0 |a krajiny rozvojové 
610 2 0 |a krajiny vyspelé 
610 2 0 |a porovnanie štatistické medzinárodné 
610 2 0 |a organizácie obchodné 
610 2 0 |a zmluvy medzinárodné 
610 2 0 |a USA 
100 1 |a Burtless, Gary